000 01149nam a2200205 a 4500
001 20216
003 CO-ViMGA
008 141112s2004 ck r 000 u spa d
040 _aCO-ViMGA
_bspa
_cCO-ViMGA
082 0 4 _a720.986 S624a
110 _aSociedad Colombiana de Arquitectos
_929236
245 1 0 _aAnuario de la Arquitectura en Colombia
260 _aBogotá :
_bAmparo Perez,
_c1983
300 _a281 p.
500 _aBiblioteca tiene : Vol.4, 7, 9, 10, 11, 12.
505 _aVolumen 4 Premio nacional de arquitectura 1973, Edificio de la gobernación del huila y parque de Santander 30 - - Volumen 7 Banco de Colombia oficina progreso Barranquilla, Banco de Colombia Cajicá 16 - - Volumen 9 Conjunto residencial La Margarita, Edifico torres blancas II 36 - - Volumen 10 Urbanización Bachue, Villavenecia 16, 17 - - Volumen 11 Casa Felipe Hurtado, Casa del Bosque 14 - - Volumen 12 Centro comercial almacentro, Edificio vicente uribe rendón 18
590 _aForma de adquisición : Donación Marina Trujillo - - Precio :
_20.000 - - Fecha de adquisición : Sept. 2000
650 1 4 _aARQUITECTURA COLOMBIANA
_91514
942 _2ddc
_cBK
999 _c29263
_d29263